|
|
|
|
| LEADER |
00000nam0a2200000 4500 |
| 001 |
36003 |
| 005 |
20231101210337.0 |
| 035 |
|
|
|a (RuTPU)RU\TPU\book\36463
|
| 035 |
|
|
|a BOOK00003115
|
| 090 |
|
|
|a 36003
|
| 100 |
|
|
|a 20011210d1987 k y0rusy50 ca
|
| 101 |
0 |
|
|a rus
|
| 102 |
|
|
|a RU
|
| 105 |
|
|
|a a z 001zy
|
| 200 |
1 |
|
|a Диффузия и теплопередача в химической кинетике
|f Д. А. Франк-Каменецкий
|
| 205 |
|
|
|a 3-е изд., испр. и доп.
|
| 210 |
|
|
|a Москва
|c Наука
|d 1987
|
| 215 |
|
|
|a 490 с.
|c ил.
|
| 451 |
|
1 |
|0 (RuTPU)RU\TPU\book\152589
|y 978-5-91559-004-4
|t Основы макрокинетики. Диффузия и теплопередача в химической кинетике
|f Д. А. Франк-Каменецкий
|e 4-е изд.
|c Долгопрудный
|n Интеллект
|d 2008
|p 408 с.
|a Франк-Каменецкий, Давид Альбертович
|
| 451 |
|
1 |
|0 (RuTPU)RU\TPU\book\65783
|t Диффузия и теплопередача в химической кинетике
|f Д. А. Франк-Каменецкий
|g Институт химической физики АН СССР
|e 2-е изд., доп. и перераб.
|c М.
|n Наука
|d 1967
|p 492 с.
|a Франк-Каменецкий, Давид Альбертович
|
| 606 |
1 |
|
|a Диффузия в химических реакциях
|2 stltpush
|3 (RuTPU)RU\TPU\subj\70714
|9 84919
|
| 610 |
1 |
|
|a химия
|
| 610 |
1 |
|
|a химическая кинетика
|
| 610 |
1 |
|
|a химические реакции
|
| 610 |
1 |
|
|a диффузия
|
| 610 |
1 |
|
|a теплопередача
|
| 610 |
1 |
|
|a законы протекания
|
| 610 |
1 |
|
|a теория
|
| 610 |
1 |
|
|a горение
|
| 610 |
1 |
|
|a библиотека А. Г. Стромберга
|
| 675 |
|
|
|a 544.431
|v 3
|
| 700 |
|
1 |
|a Франк-Каменецкий
|b Д. А.
|g Давид Альбертович
|
| 801 |
|
0 |
|a RU
|b 63413507
|c 20011210
|g PSBO
|
| 801 |
|
2 |
|a RU
|b 63413507
|c 20171005
|g PSBO
|
| 900 |
|
|
|a Макрокинетика химических процессов
|
| 900 |
|
|
|a Физико-химические основы тепломассообменных процессов
|
| 900 |
|
|
|a Кинетика диффузно-контролируемых химических реакций
|
| 942 |
|
|
|c BK
|